000 00612nam a22001937a 4500
003 OSt
005 20240926120405.0
008 240924b |||||||| |||| 00| 0 eng d
020 _a9789589911419
037 _bDonación
040 _aCO-JMCR
_bspa
_cCO-JMCR
_dCO-JMCR
_erda
082 0 4 _a745.5
_bD94c
_223
100 1 _aDuque Duque, Cecilia.
_943834
245 1 0 _aMaestros del arte popular colombiano /
_cCecilia Duque Duque.
250 _aSegunda edición.
260 _aBogotá :
_bSuramericana :
_bArtesanías de Colombia,
_c2014.
300 _a355 páginas :
_bilustraciones ;
_c33 cm.
942 _2ddc
_cBK
999 _c30827
_d17211